|
|
|
|
| LEADER |
00000naa2a2200000 4500 |
| 001 |
150654 |
| 005 |
20231031150237.0 |
| 035 |
|
|
|a (RuTPU)RU\TPU\book\163333
|
| 090 |
|
|
|a 150654
|
| 100 |
|
|
|a 20090113d1982 k y0rusy50 ca
|
| 101 |
0 |
|
|a rus
|
| 102 |
|
|
|a RU
|
| 200 |
1 |
|
|a Основные положения гидрогеохимического метода поисков месторождений полезных ископаемых
|f Н. М. Рассказов, А. Д. Назаров
|
| 463 |
|
0 |
|0 (RuTPU)RU\TPU\book\34734
|t Основы гидрогеологии: гидрогеохимия
|f под ред. С. Л. Шварцева
|v С. 273-278
|d 1982
|p 286 с.
|
| 610 |
1 |
|
|a труды учёных ТПУ
|
| 700 |
|
1 |
|a Рассказов
|b Н. М.
|c доктор геолого-минералогических наук
|c профессор Томского политехнического университета
|f 1932-
|g Николай Михайлович
|2 stltpush
|3 (RuTPU)RU\TPU\pers\22123
|
| 701 |
|
1 |
|a Назаров
|b А. Д.
|c гидрогеолог
|c доцент Томского политехнического университета, кандидат геолого-минералогических наук
|f 1938-
|g Александр Дмитриевич
|2 stltpush
|3 (RuTPU)RU\TPU\pers\26074
|
| 801 |
|
1 |
|a RU
|b 63413507
|c 20090113
|g PSBO
|
| 801 |
|
2 |
|a RU
|b 63413507
|c 20160928
|g RCR
|
| 942 |
|
|
|c BK
|